| 000 | 00371nam a2200145Ia 4500 | ||
|---|---|---|---|
| 008 | 240624s9999 xx 000 0 und d | ||
| 041 | _aeng | ||
| 082 | _a005.133 ALU | ||
| 100 | _aALUR DEEPAK | ||
| 245 | _aCORE J2EE PATTERNS BEST PRACTICES AND DE | ||
| 250 | _a(2nd ed.) | ||
| 260 |
_c2005 _aNew Delhi _bPearson Education |
||
| 300 | _a676 : p. : cm. ; 24 | ||
| 365 | _cRS | ||
| 999 |
_c3045 _d3045 |
||